000 00325nam a2200145Ia 4500
100 _aBasu/ D.K./ Nasepuri M
942 _cBK
654 _aComputer
245 _aComputer Systems and Data Analysis
260 _bNarosa Pub
_aNew Delhi
_c1997
082 _a5.7
_bBAS
300 _a433
546 _aENGLISH
999 _c29583
_d29583